000
00289nam a2200121Ia 4500
008
210312s9999||||xx |||||||||||||| ||und||
041
_a
osm
050
_a
PJ6101
050
_b
B61.M87
100
_a
Mustafa bin İbrahim
245
0
_a
Tuhfetü'l-avamil
650
_a
Dil--Arap dili--Dilbilgisi
999
_c
22390
_d
22390